[Event "9.th Korbach B Open"]
[Site "Korbach"]
[Date "2017.10.19"]
[Round "1.27"]
[White "Haack, Kevin"]
[Black "Leis, Michael"]
[Result "1-0"]
[WhiteElo "1655"]
[BlackElo "1287"]
[PlyCount "120"]
[EventDate "2017.10.19"]
[EventType "swiss"]
[EventRounds "7"]
[EventCountry "GER"]
[SourceDate "2017.10.24"]

1. c4 e5 2. g3 Nf6 3. Bg2 Nc6 4. Nc3 Bb4 5. e3 d6 6. Nge2 Be6 7. Qa4 a5 8. a3
Bxc3 9. Bxc6+ bxc6 10. Nxc3 Qd7 11. b4 O-O 12. bxa5 Ra7 13. d3 Rfa8 14. Bd2
Rxa5 15. Qc2 R5a6 16. a4 Bg4 17. f4 Qe6 18. Kf2 exf4 19. exf4 Qf5 20. Rhe1 d5
21. Re5 Qd7 22. Rae1 dxc4 23. dxc4 Rd8 24. Kg1 Raa8 25. Ne4 Nxe4 26. Qxe4 Be6
27. Bc3 Rxa4 28. Rh5 f5 29. Qxe6+ Qxe6 30. Rxe6 g6 31. Rg5 Rd1+ 32. Kg2 Ra2+
33. Kf3 Rf1+ 34. Ke3 Rff2 35. Rxc6 Rae2+ 36. Kd4 Re4+ 37. Kd5 Rf3 38. Be5 Rd3+
39. Ke6 Rd8 40. Ke7 Rf8 41. Rxc7 Rf7+ 42. Kd6 Rxc7 43. Kxc7 Rxc4+ 44. Kd6 Kf7
45. h4 h6 46. h5 hxg5 47. h6 Rc8 48. h7 Rd8+ 49. Kc7 Re8 50. h8=Q Rxh8 51. Bxh8
gxf4 52. gxf4 Ke8 53. Kc6 Ke7 54. Kd5 Kf7 55. Kd6 Kg8 56. Be5 Kf7 57. Kd7 Kg8
58. Ke8 Kh7 59. Kf7 Kh6 60. Bf6 Kh5 1-0

[Event "9.th Korbach B Open"]
[Site "Korbach"]
[Date "2017.10.19"]
[Round "1.28"]
[White "Moderow, Manuel"]
[Black "Dresen, Dietmar"]
[Result "0-1"]
[WhiteElo "1210"]
[BlackElo "1654"]
[PlyCount "100"]
[EventDate "2017.10.19"]
[EventType "swiss"]
[EventRounds "7"]
[EventCountry "GER"]
[SourceDate "2017.10.24"]

1. e4 c5 2. Nf3 d6 3. d4 cxd4 4. Nxd4 Nf6 5. Nc3 a6 6. Bg5 e6 7. Qd2 Be7 8. f4
h6 9. Bh4 e5 10. Bxf6 Bxf6 11. Nf3 exf4 12. O-O-O O-O 13. Nd5 Bg4 14. Nxf6+
Qxf6 15. Qxd6 Qxd6 16. Rxd6 Nc6 17. Bc4 Rac8 18. Bb3 Rfe8 19. Nd2 Be6 20. Bxe6
Rxe6 21. Rxe6 fxe6 22. a3 e5 23. Nf3 g5 24. h3 Rd8 25. Rd1 Rxd1+ 26. Kxd1 Kf7
27. Kd2 {Remisangebot} Kf6 28. c3 h5 29. Kd3 g4 30. hxg4 hxg4 31. Nh4 Kg5 32.
Nf5 g3 33. Ke2 Na5 34. Nd6 Kg4 35. Kf1 f3 36. gxf3+ Kxf3 37. b4 g2+ 38. Kg1 Nb3
39. Nf5 Kxe4 40. Nh4 Kd3 41. Kxg2 e4 42. Nf5 Kxc3 43. Nd6 e3 44. Kf1 Nd2+ 45.
Ke2 Kb3 46. Kxe3 Nc4+ 47. Nxc4 Kxc4 48. Ke4 Kb3 49. Kd5 Kxa3 50. Kc5 b5 0-1

[Event "9.th Korbach B Open"]
[Site "Korbach"]
[Date "2017.10.19"]
[Round "1.29"]
[White "Stork, Christopher"]
[Black "Eurich, Eva"]
[Result "1-0"]
[WhiteElo "1652"]
[BlackElo "1084"]
[PlyCount "67"]
[EventDate "2017.10.19"]
[EventType "swiss"]
[EventRounds "7"]
[EventCountry "GER"]
[SourceDate "2017.10.24"]

1. e4 e5 2. Nf3 Nc6 3. d4 Nxd4 4. Nxe5 Bc5 5. Be3 Ne6 6. Bxc5 Nxc5 7. Nxf7 Kxf7
8. Qh5+ Kf8 9. Qxc5+ Ne7 10. Bc4 d6 11. Qh5 Ng6 12. Qf3+ Qf6 13. Qxf6+ gxf6 14.
O-O Bd7 15. Nc3 Ne5 16. Bb3 Bc6 17. f4 Nd7 18. Rae1 Nc5 19. e5 Nxb3 20. axb3
Rg8 21. g3 f5 22. exd6 cxd6 23. Re6 Rd8 24. Rf6+ Kg7 25. Rxf5 d5 26. Re1 Rge8
27. Rxe8 Rxe8 28. Nxd5 Bxd5 29. Rxd5 Re7 30. Kf2 Kf6 31. Rd6+ Kf5 32. Kf3 Re6
33. Rxe6 Kxe6 34. Ke4 1-0

[Event "9.th Korbach B Open"]
[Site "Korbach"]
[Date "2017.10.19"]
[Round "1.34"]
[White "Bayer, Oliver"]
[Black "Weber, Detlef"]
[Result "0-1"]
[WhiteElo "1670"]
[BlackElo "1628"]
[PlyCount "120"]
[EventDate "2017.10.19"]
[EventType "swiss"]
[EventRounds "7"]
[EventCountry "GER"]
[SourceDate "2017.10.24"]

1. e4 e5 2. Nf3 Nc6 3. d4 exd4 4. Bc4 d6 5. Nxd4 Nxd4 6. Qxd4 Qf6 7. Be3 Be7 8.
O-O Qxd4 9. Bxd4 Nf6 10. Nc3 O-O 11. f4 c5 12. Be3 Be6 13. Bd5 Nxd5 14. Nxd5
Bxd5 15. exd5 f5 16. c4 Bf6 17. Rab1 Rfe8 18. Rf3 Re4 19. b3 Rae8 20. Re1 Bd4
21. Kf2 Kf7 22. Re2 h6 23. g3 R8e7 24. Re1 a6 25. a4 Ke8 26. Re2 Kd7 27. Re1
Kc7 28. Re2 Kb6 29. Re1 Ka5 30. Bxd4 cxd4 31. Rd1 Re2+ 32. Kg1 R2e3 33. Rxe3
dxe3 34. Rb1 Kb4 35. Kf1 e2+ 36. Ke1 b6 37. a5 b5 38. cxb5 Kxb5 39. b4 Re4 40.
Rb2 Rxb4 41. Rxe2 Re4 42. Rxe4 fxe4 43. g4 Kc4 44. g5 hxg5 45. fxg5 Kxd5 46. h4
Ke6 47. Ke2 Kf5 48. Ke3 d5 49. Kd4 Kg4 50. Kc5 e3 51. Kb6 e2 52. Kxa6 e1=Q 53.
Kb6 Qb4+ 54. Ka6 d4 55. h5 Kxh5 56. g6 Kxg6 57. Ka7 Kf6 58. a6 Ke6 59. Ka8 Kd7
60. a7 Qf8+ 0-1

[Event "9.th Korbach B Open"]
[Site "Korbach"]
[Date "2017.10.19"]
[Round "1.36"]
[White "Schulz, Daniel"]
[Black "Pabst, Olaf"]
[Result "0-1"]
[WhiteElo "1537"]
[BlackElo "1603"]
[PlyCount "88"]
[EventDate "2017.10.19"]
[EventType "swiss"]
[EventRounds "7"]
[EventCountry "GER"]
[SourceDate "2017.10.24"]

1. d4 f5 2. c4 e6 3. Nc3 Nf6 4. Bg5 Be7 5. Nf3 d6 6. g3 O-O 7. Bg2 a5 8. O-O
Na6 9. Re1 Ne4 10. Bxe7 Qxe7 11. Nd2 Nxc3 12. bxc3 e5 13. e4 f4 14. Qh5 Qf7 15.
Qxf7+ Rxf7 16. Rab1 b6 17. Nf3 fxg3 18. fxg3 Re7 19. d5 Nc5 20. Re3 Bd7 21. Rf1
Rf8 22. Nd2 Rxf1+ 23. Bxf1 Rf7 24. Nf3 h6 25. h4 Rf6 26. Kh2 Bg4 27. Bg2 Na4
28. Nd2 Nb2 29. Bf3 Bxf3 30. Rxf3 Rxf3 31. Nxf3 Nxc4 32. Kg2 Ne3+ 33. Kg1 Kf7
34. Kh2 Nd1 35. c4 Nc3 36. Nd2 Nxa2 37. Kg2 Nc3 38. Kf2 Na4 39. Ke3 Nc5 40. Nb1
g5 41. h5 g4 42. Na3 Kf6 43. Nb5 Na6 44. Kf2 Kg5 0-1

[Event "9.th Korbach B Open"]
[Site "Korbach"]
[Date "2017.10.20"]
[Round "2.1"]
[White "Vega Lopez de Nava, Cesar Octavi"]
[Black "Bahr, Arne"]
[Result "1-0"]
[WhiteElo "1922"]
[BlackElo "1696"]
[PlyCount "71"]
[EventDate "2017.10.19"]
[EventType "swiss"]
[EventRounds "7"]
[EventCountry "GER"]
[SourceDate "2017.10.24"]

1. e4 g6 2. d4 Nf6 3. e5 Nh5 4. Nf3 d6 5. Nc3 a6 6. Bc4 e6 7. Bg5 Be7 8. Bh6 d5
9. Be2 Bf8 10. Bxf8 Kxf8 11. Qd2 h6 12. g4 Ng7 13. h4 h5 14. Ng5 hxg4 15. O-O-O
f6 16. exf6 Qxf6 17. Bxg4 Nc6 18. Ne2 Bd7 19. Ng3 Ke7 20. Qe3 Raf8 21. Kb1 Qf4
22. Bf3 Qxe3 23. fxe3 Nf5 24. Nxf5+ Rxf5 25. e4 Rf4 26. exd5 Nxd4 27. dxe6 Nxe6
28. Bxb7 Nc5 29. Rhe1+ Kf6 30. Ne4+ Nxe4 31. Rxd7 Nc5 32. Rxc7 Nxb7 33. Rxb7
Rfxh4 34. Rb6+ Kg7 35. Rg1 Rh1 36. Rbxg6+ 1-0

[Event "9.th Korbach B Open"]
[Site "Korbach"]
[Date "2017.10.20"]
[Round "2.2"]
[White "Wachsmann, Elmar"]
[Black "Sharikow, Alexej"]
[Result "1/2-1/2"]
[WhiteElo "1663"]
[BlackElo "1903"]
[PlyCount "89"]
[EventDate "2017.10.19"]
[EventType "swiss"]
[EventRounds "7"]
[EventCountry "GER"]
[SourceDate "2017.10.24"]

1. d4 d5 2. Nf3 Bg4 3. c4 Nc6 4. e3 e6 5. Nc3 Bb4 6. Be2 Nge7 7. O-O O-O 8. a3
Bxc3 9. bxc3 dxc4 10. Bxc4 Nd5 11. Bd2 Nb6 12. Be2 Na5 13. Ne5 Bxe2 14. Qxe2
Nb3 15. Rab1 Nxd2 16. Qxd2 Qd6 17. a4 f6 18. Nd3 Nxa4 19. Rxb7 Qc6 20. Rb3 Rab8
21. Ra3 a5 22. Rfa1 Nb6 23. Qa2 Qc4 24. Qxc4 Nxc4 25. Ra4 Nd6 26. Nc5 Rfe8 27.
Rxa5 Nb7 28. Nxb7 Rxb7 29. h3 Kf7 30. Rh5 h6 31. Rc5 Ke7 32. Ra6 Kd7 33. Rca5
Reb8 34. c4 Rb1+ 35. Kh2 R8b2 36. Ra2 Rxa2 37. Rxa2 Rb4 38. Rc2 Kd6 39. Kg3 e5
40. h4 exd4 41. exd4 c5 42. dxc5+ Kxc5 43. h5 Rb7 44. Kf4 Re7 45. f3 1/2-1/2

[Event "9.th Korbach B Open"]
[Site "Korbach"]
[Date "2017.10.20"]
[Round "2.3"]
[White "Lages, Karl Heinz"]
[Black "Niemeyer, Norbert"]
[Result "1-0"]
[WhiteElo "1867"]
[BlackElo "1678"]
[PlyCount "57"]
[EventDate "2017.10.19"]
[EventType "swiss"]
[EventRounds "7"]
[EventCountry "GER"]
[SourceDate "2017.10.24"]

1. Nf3 g6 2. e4 Bg7 3. d4 d6 4. c3 Nf6 5. Bd3 O-O 6. O-O Nc6 7. a4 Bd7 8. Na3
a6 9. Bd2 Rb8 10. Qc2 e5 11. dxe5 dxe5 12. b4 Be6 13. Nc4 b5 14. axb5 Bxc4 15.
Bxc4 axb5 16. Bd3 Qd7 17. Be3 Rfd8 18. Rfd1 Ra8 19. Rxa8 Rxa8 20. Bxb5 Qe6 21.
Ng5 Qe8 22. Qe2 h6 23. Nxf7 Kxf7 24. Qc4+ Qe6 25. Qxc6 Qxc6 26. Bxc6 Ra3 27.
Rc1 Ng4 28. Bc5 Ra2 29. Bd5+ 1-0

[Event "9.th Korbach B Open"]
[Site "Korbach"]
[Date "2017.10.20"]
[Round "2.4"]
[White "Fobbe, Ottmar"]
[Black "Haack, Kevin"]
[Result "0-1"]
[WhiteElo "1846"]
[BlackElo "1655"]
[PlyCount "64"]
[EventDate "2017.10.19"]
[EventType "swiss"]
[EventRounds "7"]
[EventCountry "GER"]
[SourceDate "2017.10.24"]

1. d4 d5 2. c4 e6 3. Nc3 Nf6 4. Bg5 Nbd7 5. cxd5 exd5 6. e3 c6 7. Bd3 h6 8. Bh4
Be7 9. Nge2 O-O 10. O-O Ne4 11. Bxe7 Qxe7 12. Bxe4 dxe4 13. d5 Nc5 14. dxc6
bxc6 15. Qc2 Nd3 16. Ng3 f5 17. Nce2 Qf6 18. Rab1 a5 19. f3 Qg5 20. f4 Qf6 21.
a3 Ba6 22. Rfd1 Rfd8 23. Nd4 Rxd4 24. exd4 Qxd4+ 25. Kh1 Nf2+ 26. Kg1 Nxd1+ 27.
Kh1 Nf2+ 28. Kg1 Bd3 29. Qb3+ Kh8 30. Nxf5 Nh3+ 31. Kh1 Qg1+ 32. Rxg1 Nf2# 0-1

[Event "9.th Korbach B Open"]
[Site "Korbach"]
[Date "2017.10.20"]
[Round "2.5"]
[White "Dresen, Dietmar"]
[Black "Koch, Thomas1"]
[Result "1/2-1/2"]
[WhiteElo "1654"]
[BlackElo "1812"]
[PlyCount "53"]
[EventDate "2017.10.19"]
[EventType "swiss"]
[EventRounds "7"]
[EventCountry "GER"]
[SourceDate "2017.10.24"]

1. e4 e5 2. Nf3 Nc6 3. Bb5 Nf6 4. O-O Nxe4 5. Re1 Nd6 6. Bxc6 dxc6 7. Nxe5 Be6
8. d4 Qe7 9. Nf3 h6 10. b3 O-O-O 11. Qe2 Re8 12. Qf1 f6 13. c4 Qf7 14. Nc3 g5
15. d5 Bg4 16. Rxe8+ Qxe8 17. Qe1 Qxe1+ 18. Nxe1 c5 19. Bb2 {Remisangebot} Bg7
20. Nd3 b6 21. Re1 Kd7 22. f3 Bh5 23. Nf2 f5 24. Ncd1 Bxb2 25. Nxb2 Re8 26.
Rxe8 Bxe8 27. Kf1 1/2-1/2

[Event "9.th Korbach B Open"]
[Site "Korbach"]
[Date "2017.10.20"]
[Round "2.6"]
[White "Weber, Detlef"]
[Black "Bigott, Martin"]
[Result "0-1"]
[WhiteElo "1628"]
[BlackElo "1787"]
[PlyCount "76"]
[EventDate "2017.10.19"]
[EventType "swiss"]
[EventRounds "7"]
[EventCountry "GER"]
[SourceDate "2017.10.24"]

1. e4 Nf6 2. Nc3 e5 3. Nf3 Nc6 4. Bc4 Be7 5. O-O O-O 6. d3 d6 7. h3 Na5 8. Bb3
c6 9. Bd2 Nxb3 10. axb3 Bd7 11. Ne2 Nh5 12. c4 g6 13. Bh6 Ng7 14. Ng3 f6 15.
Qd2 Rf7 16. Bxg7 Kxg7 17. Nh2 f5 18. exf5 Bg5 19. Qc3 gxf5 20. f4 Bh4 21. Rf3
Qb6+ 22. c5 Qxc5+ 23. Qxc5 dxc5 24. fxe5 Kg6 25. Ra4 Bg5 26. Ne2 Be6 27. h4 Bd2
28. Nf1 Bxb3 29. Ra3 Bd1 30. Nxd2 Bxe2 31. Rg3+ Kh5 32. Re3 Bd1 33. Re1 Bg4 34.
Ra4 Kxh4 35. Rf4 Kg5 36. g3 Re7 37. Nc4 Rd8 38. Nd6 Rxd6 0-1

[Event "9.th Korbach B Open"]
[Site "Korbach"]
[Date "2017.10.20"]
[Round "2.7"]
[White "Ruhl, Moritz"]
[Black "Stork, Christopher"]
[Result "1/2-1/2"]
[WhiteElo "1781"]
[BlackElo "1652"]
[PlyCount "98"]
[EventDate "2017.10.19"]
[EventType "swiss"]
[EventRounds "7"]
[EventCountry "GER"]
[SourceDate "2017.10.24"]

1. d4 d5 2. Nf3 g6 3. e3 Nf6 4. c4 c6 5. c5 Bg7 6. Bd3 O-O 7. h3 Re8 8. O-O
Nbd7 9. Nc3 e5 10. Bc2 Qc7 11. Re1 e4 12. Nh2 Nh5 13. Qe2 f5 14. Bd2 Nhf6 15.
b4 b6 16. Ba4 b5 17. Bb3 Bb7 18. a4 a6 19. axb5 axb5 20. Qf1 Kh8 21. Rxa8 Rxa8
22. Ra1 Rxa1 23. Qxa1 Qd8 24. Ne2 Bh6 25. Qa5 Ne8 26. Bd1 Qa8 {Remisangebot}
27. Qxa8 Bxa8 28. g4 Kg7 29. gxf5 gxf5 30. Ng3 Kf6 31. Nxf5 Kxf5 32. Bg4+ Kg6
33. Bxd7 Nf6 34. Bc8 Bg5 35. Ng4 Nxg4 36. hxg4 Kf6 37. Kg2 h6 38. Be1 Bh4 39.
Kh3 Bg5 40. Kg3 Ke7 41. f4 exf3 42. Kxf3 Kd8 43. Bf5 Bb7 44. Bg3 Bc8 45. Bxc8
Kxc8 46. Bf4 Kd7 47. e4 Ke6 48. Ke3 Ke7 49. Kf3 Ke6 1/2-1/2

[Event "9.th Korbach B Open"]
[Site "Korbach"]
[Date "2017.10.20"]
[Round "2.10"]
[White "Lasschuit, Rene"]
[Black "Fliegner, Thomas"]
[Result "1-0"]
[WhiteElo "1733"]
[BlackElo "1594"]
[PlyCount "41"]
[EventDate "2017.10.19"]
[EventType "swiss"]
[EventRounds "7"]
[EventCountry "GER"]
[SourceDate "2017.10.24"]

1. c4 c6 2. g3 d5 3. Bg2 e5 4. cxd5 cxd5 5. Nf3 Nc6 6. O-O Nf6 7. d4 e4 8. Ne1
Bd6 9. Nc3 Bf5 10. Bg5 Be7 11. e3 Bg4 12. f3 exf3 13. Bxf3 Be6 14. Nd3 O-O 15.
Nf4 Qb6 16. Bxf6 gxf6 17. Rf2 Qd8 18. Ncxd5 Rc8 19. Qf1 Kh8 20. Nxe7 Qxe7 21.
d5 1-0

[Event "9.th Korbach B Open"]
[Site "Korbach"]
[Date "2017.10.20"]
[Round "2.11"]
[White "Maters, Arthur"]
[Black "Moderow, Ramon"]
[Result "1-0"]
[WhiteElo "1709"]
[BlackElo "1516"]
[PlyCount "61"]
[EventDate "2017.10.19"]
[EventType "swiss"]
[EventRounds "7"]
[EventCountry "GER"]
[SourceDate "2017.10.24"]

1. e4 e5 2. Nf3 Nc6 3. Bc4 Bc5 4. c3 Nf6 5. d3 d6 6. O-O O-O 7. Nbd2 Re8 8. h3
Ne7 9. Qb3 d5 10. Nxe5 dxc4 11. Qxc4 Bxf2+ 12. Rxf2 Be6 13. Qa4 Nd7 14. Nxd7
Bxd7 15. Qc2 Bb5 16. d4 Ng6 17. Nf3 Bc6 18. d5 Bb5 19. c4 Bd7 20. Bd2 Ne5 21.
Nxe5 Rxe5 22. Bc3 Rg5 23. Rf3 Qe7 24. b3 c6 25. Raf1 Rf8 26. R1f2 cxd5 27. exd5
b5 28. Qd2 Rc8 29. Rxf7 Qxf7 30. Rxf7 Kxf7 31. Qxg5 1-0

[Event "9.th Korbach B Open"]
[Site "Korbach"]
[Date "2017.10.20"]
[Round "2.13"]
[White "Pabst, Olaf"]
[Black "Udaykumar, Arunn Mark"]
[Result "0-1"]
[WhiteElo "1603"]
[BlackElo "1772"]
[PlyCount "54"]
[EventDate "2017.10.19"]
[EventType "swiss"]
[EventRounds "7"]
[EventCountry "GER"]
[SourceDate "2017.10.24"]

1. Nc3 g6 2. d4 Bg7 3. Bf4 d6 4. Qd2 Nf6 5. O-O-O c6 6. h3 b5 7. Bh6 Bxh6 8.
Qxh6 b4 9. Nb1 Qa5 10. f3 d5 11. g4 Qxa2 12. e3 a5 13. Bd3 a4 14. Kd2 Qxb2 15.
Ke1 a3 16. Nd2 a2 17. Nb3 a1=Q 18. Nxa1 Rxa1 19. Rxa1 Qxa1+ 20. Kf2 Ba6 21.
Bxa6 Nxa6 22. Rh2 Qd1 23. Ne2 Qxc2 24. Rh1 b3 25. Rc1 Qxc1 26. Nxc1 b2 27. Ne2
b1=Q 0-1

[Event "9.th Korbach B Open"]
[Site "Korbach"]
[Date "2017.10.20"]
[Round "2.15"]
[White "Engel, Markus"]
[Black "John, Volkmar"]
[Result "1/2-1/2"]
[WhiteElo "1461"]
[BlackElo "1861"]
[PlyCount "62"]
[EventDate "2017.10.19"]
[EventType "swiss"]
[EventRounds "7"]
[EventCountry "GER"]
[SourceDate "2017.10.24"]

1. d4 Nf6 2. c4 g6 3. Nf3 Bg7 4. Nc3 O-O 5. e4 d6 6. Be2 e5 7. d5 Nbd7 8. O-O
Nc5 9. Qc2 a5 10. h3 Nfd7 11. Ne1 f5 12. exf5 gxf5 13. Nd3 Nxd3 14. Bxd3 e4 15.
Be2 Be5 16. Bh6 Bg7 17. Qd2 Bxh6 18. Qxh6 Rf6 19. Qg5+ Kh8 20. f3 exf3 21. Rxf3
Ne5 22. Rg3 Qf8 23. Qf4 Bd7 24. Bh5 Qe7 25. Re1 Nf3+ 26. Bxf3 Qxe1+ 27. Kh2 Rg6
28. Rxg6 hxg6 29. Qh6+ Kg8 30. Qxg6+ Kf8 31. Qf6+ Kg8 1/2-1/2

[Event "9.th Korbach B Open"]
[Site "Korbach"]
[Date "2017.10.20"]
[Round "2.16"]
[White "Lanz, Udo"]
[Black "Bayer, Melissa"]
[Result "0-1"]
[WhiteElo "1801"]
[BlackElo "1523"]
[PlyCount "48"]
[EventDate "2017.10.19"]
[EventType "swiss"]
[EventRounds "7"]
[EventCountry "GER"]
[SourceDate "2017.10.24"]

1. f4 d5 2. Nf3 Nc6 3. g3 g6 4. Bg2 Bg7 5. O-O Qd6 6. e3 Bg4 7. h3 Bf5 8. Nc3
Nf6 9. d3 O-O 10. Qe2 e5 11. Qf2 e4 12. Ng5 Qe7 13. g4 Bd7 14. dxe4 dxe4 15.
Ngxe4 Nxe4 16. Nxe4 f5 17. gxf5 Bxf5 18. Ng3 Be6 19. c3 Rf7 20. e4 a6 21. Qe1
Qh4 22. f5 Be5 23. Rf3 gxf5 24. Nxf5 Qxe1+ 0-1

[Event "9.th Korbach B Open"]
[Site "Korbach"]
[Date "2017.10.20"]
[Round "2.17"]
[White "Schneider, Udo"]
[Black "Kirchner, Stefan"]
[Result "1/2-1/2"]
[WhiteElo "1761"]
[BlackElo "1550"]
[PlyCount "56"]
[EventDate "2017.10.19"]
[EventType "swiss"]
[EventRounds "7"]
[EventCountry "GER"]
[SourceDate "2017.10.24"]

1. d4 f5 2. e4 fxe4 3. Nc3 Nf6 4. Bg5 c6 5. Bxf6 exf6 6. Nxe4 d5 7. Nd2 Bf5 8.
h3 Bd6 9. Nb3 Nd7 10. Bd3 Qe7+ 11. Ne2 Be6 12. O-O O-O 13. Re1 Qf7 14. Ng3 f5
15. Qf3 f4 16. Nf1 Kh8 17. Nbd2 g5 18. Nh2 Nf6 19. Ng4 Nxg4 20. hxg4 Qd7 21.
Qh3 Bxg4 22. Qh6 Rg8 23. Bxh7 Qxh7 24. Qxd6 Rg6 25. Qe5+ {Remisangebot} Kg8 26.
f3 Re6 27. Qxg5+ Rg6 28. Qe7 Rg7 1/2-1/2

[Event "9.th Korbach B Open"]
[Site "Korbach"]
[Date "2017.10.20"]
[Round "2.18"]
[White "Vedder, Matthias"]
[Black "Pohle, Saskia"]
[Result "1/2-1/2"]
[WhiteElo "1715"]
[BlackElo "1376"]
[PlyCount "60"]
[EventDate "2017.10.19"]
[EventType "swiss"]
[EventRounds "7"]
[EventCountry "GER"]
[SourceDate "2017.10.24"]

1. c4 e6 2. g3 d5 3. Bg2 Nf6 4. Nf3 Nc6 5. cxd5 exd5 6. O-O Be7 7. d4 O-O 8.
Nc3 b6 9. Bf4 a6 10. Rc1 Bb7 11. a3 Bd6 12. Bxd6 Qxd6 13. b4 Rfe8 14. Re1 Rad8
15. Qb3 Ne4 16. e3 Nxc3 17. Rxc3 Qf6 18. Rec1 h6 19. Ne5 Nxe5 20. dxe5 Qxe5 21.
Rxc7 Re7 22. Qc3 Rxc7 23. Qxc7 Qxc7 24. Rxc7 Bc8 25. Bxd5 Bh3 26. Bxf7+ Kf8 27.
f4 Rd2 28. Bg6 Rg2+ 29. Kh1 Ra2 30. Kg1 Rg2+ 1/2-1/2

[Event "9.th Korbach B Open"]
[Site "Korbach"]
[Date "2017.10.20"]
[Round "2.19"]
[White "Werner, Rosalie"]
[Black "Schloemer, Andreas"]
[Result "0-1"]
[WhiteElo "1404"]
[BlackElo "1704"]
[PlyCount "142"]
[EventDate "2017.10.19"]
[EventType "swiss"]
[EventRounds "7"]
[EventCountry "GER"]
[SourceDate "2017.10.24"]

1. e4 c5 2. Nf3 d6 3. d4 cxd4 4. Nxd4 Nf6 5. Nc3 a6 6. f4 e6 7. Be2 Be7 8. O-O
O-O 9. Kh1 Nc6 10. Be3 Qc7 11. Qe1 Nxd4 12. Bxd4 b5 13. a3 Bb7 14. Qg3 g6 15.
e5 Ne4 16. Qh3 Nxc3 17. Bxc3 Rfd8 18. Qh6 Bf8 19. Qg5 d5 20. Rac1 Bxa3 21. Bd4
Bf8 22. f5 exf5 23. Rxf5 Qe7 24. Qg3 Bc8 25. Rh5 Be6 26. Be3 Rd7 27. c3 Bg7 28.
Bg5 Qf8 29. Rh4 f6 30. exf6 Bxf6 31. Rf1 Rf7 32. Bxf6 Rxf6 33. Rxf6 Qxf6 34.
Rd4 Rf8 35. Qf3 Qg5 36. Qd3 Rf2 37. g3 Qc1+ 38. Qd1 Qxd1+ 39. Bxd1 Rxb2 40. Bf3
Rb1+ 41. Kg2 Rc1 42. Rd3 Kg7 43. Kf2 Bf5 44. Re3 Rc2+ 45. Be2 Bg4 46. Kf1 Bxe2+
47. Rxe2 Rxe2 48. Kxe2 Kf6 49. Kd3 Ke5 50. h3 a5 51. h4 b4 52. cxb4 axb4 53.
Ke3 b3 54. Kd3 d4 55. g4 b2 56. Kc2 Ke4 57. Kxb2 Ke3 58. Kc2 Ke2 59. Kb3 d3 60.
Kc4 d2 61. Kd4 d1=Q+ 62. Ke4 Qa4+ 63. Ke5 Qxg4 64. Kf6 Qxh4+ 65. Kg7 g5 66. Kh8
g4 67. Kg7 g3 68. Kg8 g2 69. Kh8 Qd8+ 70. Kg7 g1=Q+ 71. Kf7 Qg6# 0-1

[Event "9.th Korbach B Open"]
[Site "Korbach"]
[Date "2017.10.20"]
[Round "2.20"]
[White "Fromm, Nick"]
[Black "Bakiev, Diyor"]
[Result "0-1"]
[WhiteElo "1443"]
[BlackElo "1681"]
[PlyCount "142"]
[EventDate "2017.10.19"]
[EventType "swiss"]
[EventRounds "7"]
[EventCountry "GER"]
[SourceDate "2017.10.24"]

1. e4 e5 2. Nf3 Nc6 3. Bb5 a6 4. Ba4 b5 5. Bb3 Nf6 6. O-O Bc5 7. Nxe5 Nxe5 8.
d4 Bxd4 9. Qxd4 d6 10. Bg5 c5 11. Bxf6 gxf6 12. Qd5 Be6 13. Qd1 c4 14. f4 Nc6
15. f5 Bc8 16. Qd5 Qb6+ 17. Kh1 Qc5 18. Qxc5 dxc5 19. a4 cxb3 20. axb5 Nd4 21.
cxb3 Nxb5 22. Rc1 Bb7 23. Rxc5 Rc8 24. Rxc8+ Bxc8 25. Nc3 Nxc3 26. bxc3 Bb7 27.
Re1 Kd7 28. e5 Rg8 29. e6+ fxe6 30. fxe6+ Ke7 31. Re2 Bd5 32. c4 Rc8 33. Rc2
Bxe6 34. Kg1 Rb8 35. Rc3 a5 36. Rg3 Kd6 37. Rf3 Ke7 38. Rg3 Kf8 39. Rc3 Rb4 40.
Kf2 a4 41. bxa4 Rxa4 42. c5 Ke7 43. c6 Rc4 44. Rxc4 Bxc4 45. Ke3 Bd5 46. c7 Kd7
47. c8=Q+ Kxc8 48. Kf4 Kd7 49. g4 Ke7 50. g5 fxg5+ 51. Kxg5 Be4 52. Kf4 Bc2 53.
Kg5 Ke6 54. Kg4 Kf6 55. Kf4 Bf5 56. Kf3 Kg5 57. Kg3 Bg4 58. h3 Bd1 59. h4+ Kh5
60. Kh3 Bg4+ 61. Kg3 h6 62. Kg2 Kxh4 63. Kh2 h5 64. Kg2 Bh3+ 65. Kh2 Kg4 66.
Kg1 Kg3 67. Kh1 Be6 68. Kg1 h4 69. Kh1 h3 70. Kg1 h2+ 71. Kh1 Bd5# 0-1

[Event "9.th Korbach B Open"]
[Site "Korbach"]
[Date "2017.10.20"]
[Round "2.21"]
[White "Gurnik, Michael"]
[Black "Schmechtig, Lucas"]
[Result "1/2-1/2"]
[WhiteElo "1678"]
[BlackElo "1453"]
[PlyCount "92"]
[EventDate "2017.10.19"]
[EventType "swiss"]
[EventRounds "7"]
[EventCountry "GER"]
[SourceDate "2017.10.24"]

1. d4 d5 2. Nf3 e6 3. Bf4 c5 4. c3 Nc6 5. e3 Nf6 6. Nbd2 Qb6 7. Qb3 Qxb3 8.
Nxb3 c4 9. Nbd2 b5 10. Be2 Be7 11. Ne5 Nxe5 12. Bxe5 O-O 13. O-O a5 14. Bf3 Bb7
15. Rfe1 Ne4 16. Nxe4 dxe4 17. Be2 f5 18. Rec1 Rac8 19. a4 b4 20. cxb4 Bxb4 21.
Bxc4 Bd5 22. Ba6 Ra8 23. Bc4 Rac8 24. b3 Kf7 25. h3 g6 26. Ra2 Ke7 27. Raa1 Bd2
28. Rd1 Bb4 29. Bxd5 exd5 30. Rdc1 Bd2 31. Rc5 Rxc5 32. dxc5 Rc8 33. Bd6+ Kd7
34. Rd1 Bb4 35. Rxd5 Re8 36. Rd1 Rc8 37. Rc1 Kc6 38. Rd1 Rd8 39. Rd4 Bc3 40.
Rc4 Bb4 41. Kf1 Rc8 42. Rd4 Bc3 43. Rc4 Bb4 44. Rc1 Kd5 45. Rd1+ Ke6 46. Rc1
Kd5 1/2-1/2

[Event "9.th Korbach B Open"]
[Site "Korbach"]
[Date "2017.10.20"]
[Round "2.25"]
[White "Werner, Elmar"]
[Black "Hoelss, Silas"]
[Result "1/2-1/2"]
[WhiteElo "1740"]
[BlackElo "1467"]
[PlyCount "80"]
[EventDate "2017.10.19"]
[EventType "swiss"]
[EventRounds "7"]
[EventCountry "GER"]
[SourceDate "2017.10.24"]

1. d4 f5 2. c4 g6 3. Nc3 Nf6 4. Bf4 d6 5. Nf3 Bg7 6. e3 O-O 7. Qc2 Nc6 8. a3
Qe8 9. d5 Na5 10. Nb5 Qd7 11. b4 Ne4 12. Nd2 Nxd2 13. Kxd2 Bxa1 14. bxa5 Bg7
15. Be2 c6 16. Nc3 cxd5 17. cxd5 Qc7 18. h4 Qxa5 19. h5 Bxc3+ 20. Qxc3 Qxc3+
21. Kxc3 b6 22. Bg5 Rf7 23. Bb5 Bb7 24. Kd4 Rd8 25. h6 a6 26. Bd3 b5 27. Rb1
Re8 28. a4 e5+ 29. dxe6 Rxe6 30. axb5 axb5 31. Rxb5 d5 32. Rc5 Rc6 33. Rxd5 Rc8
34. Rd6 Kf8 35. Bc4 Rfc7 36. Rf6+ Ke7 37. Rxg6+ Ke8 38. Re6+ Kd7 39. Re7+ Kd6
40. Re6+ Kd7 1/2-1/2

[Event "9.th Korbach B Open"]
[Site "Korbach"]
[Date "2017.10.20"]
[Round "2.26"]
[White "Hofmann, Niclas"]
[Black "Beisinghoff, Rudolf"]
[Result "1-0"]
[WhiteElo "1534"]
[BlackElo "1648"]
[PlyCount "103"]
[EventDate "2017.10.19"]
[EventType "swiss"]
[EventRounds "7"]
[EventCountry "GER"]
[SourceDate "2017.10.24"]

1. d4 Nf6 2. c4 c5 3. d5 b5 4. Qc2 bxc4 5. e4 d6 6. Bxc4 Nbd7 7. Nc3 g6 8. Nge2
Bg7 9. O-O O-O 10. Bg5 Nb6 11. Bb5 Rb8 12. Qd2 a6 13. Bd3 c4 14. Bc2 Nbd7 15.
Rab1 Ne5 16. Nd4 h5 17. f4 Qb6 18. Kh1 Nd3 19. Bxd3 Qxd4 20. Rf3 Ng4 21. h3 Nf6
22. Bxf6 Bxf6 23. Ne2 Qc5 24. b4 cxb3 25. Rxb3 Rxb3 26. axb3 Kg7 27. Qa2 {
Remisangebot} Bg4 28. Rf1 Bc8 29. Rf3 a5 30. Qa4 Bg4 31. Rf1 Qe3 32. Qc4 Rc8
33. Qb5 Rc5 34. Qa6 g5 35. hxg4 gxf4 36. Nxf4 Rc1 37. Nxh5+ Kh6 38. Nxf6 exf6
39. Rxc1 Qxc1+ 40. Bf1 Kg6 41. Qd3 Qh6+ 42. Kg1 Qc1 43. e5+ Kg5 44. Qf5+ Kh6
45. Qxf6+ Kh7 46. Qxf7+ Kh8 47. Qf6+ Kg8 48. e6 Qc5+ 49. Kh2 Qxd5 50. Qf7+ Kh8
51. Qh5+ Qxh5+ 52. gxh5 1-0